000 00602nam a2200205Ia 4500
003 GCL
008 140319s9999 xx 000 0 ara d
040 _aGCL /
_cGCL
082 0 4 _aد
_b050
100 1 _aاحمد مستجير
245 1 0 _aالشفرة الوراثية للانسان (عالم المعرفة 217 ) /
_cاحمد مستجير
700 1 _aكيفلس, دانييل
700 1 _aهود, ليروى
300 _a458 ص
490 _aعالم المعرفة
_v0
650 0 4 _aالوراثة
650 0 4 _aالجنية
650 0 4 _aالجنيوم البشرى
942 _2ddc
_cBK
999 _c47323
_d47323